00524nam a2200085Ia 4500008004100000245004700041300025600088650001600344856007800360170517s9999 xx 000 0 und d aMoney Talks: Profits Before Patient Safety aMoney Talks exposes the questionable tactics that big drug companies use to make record profits by playing with the safety of our family's health care. Using misleading advertising, attractive drug reps who wine and dine doctors and other unethical... xTechnology. uhttp://topdocumentaryfilms.com/money-talks-profits-before-patient-safety/